000
00360nam a22001577a 4500
003
MPLRDC
005
20220104142540.0
008
210129b ||||| |||| 00| 0 eng d
082
_a
848.1 YSJ
100
_a
叶绍钧著
245
_a
倪焕之
_c
260
_a
_b
港青出版社
_c
1979
300
_b
平
650
_a
现代别集
942
_c
BK
_o
848.1 YSJ
999
_c
31776
_d
31766